| 000 | 00504nam a2200157 i 4500 | ||
|---|---|---|---|
| 001 | 49299 | ||
| 003 | ES-MaACL | ||
| 005 | 20230906161924.0 | ||
| 007 | t| | ||
| 008 | 030714s1954 sp ||||1| spa d | ||
| 100 | 1 |
_aCortés Cavanillas, Julián. _940878 |
|
| 245 | 1 | 3 |
_aEl comunismo en la Italia republicana / _cpor Julián Cortés Cavanillas. |
| 260 |
_a[Madrid : _bPublicaciones Españolas, _c1954] ( _fSucs. Rivadeneyra) |
||
| 300 |
_a30 p., 2 lám. ; _c24 cm. |
||
| 852 |
_aES-MaACL _j1980-F-3 _bR.40988 |
||
| 999 |
_c49299 _d49299 |
||